00317nam a2200109Ia 4500008004100000041000800041100002100049245006500070260003100135300000900166700003200175250110s9999 xx 000 0 und d aeng aGaikwad Snehal R aInstitute For Hospitality And Hotel Management At Shrirampur bBNCA B-Arch ID, Punec2016 a117p aGuide Name:Chandwania Dhruv